000 01358nam0a22002771 4500
001 rc\2972563
005 20210426164007.0
035 _a(NLR Aleph) 007118524
090 _a6839204
_c6839204
100 _a20110907d1937 |||y0rusy50 ca
101 0 _arus
102 _aRU
105 _aac z |||||
200 1 _aОсновной биогенетический закон с ботанической точки зрения
_fБ.М. Козо-Полянский
_gС предисл. К.И. Мейера ...
210 _a[Воронеж]
_cВорон. обл. кн-во
_d1937
_gтип. изд-ва "Коммуна"
215 _aОбл., 253, [2] с., 4 вкл. л. ил., портр., схем.
_cил., портр., схем.
_d22×15 см
225 1 _aСерия монографий
_fНауч.-исслед. ин-т биологии при Ворон. гос. ун-те. Отд. морфологии, систематики и географии высш. растений
_vВып. 1
320 _aБиблиогр.: "Литература" (с. 241-54)
700 1 _aКозо-Полянский
_bБ. М.
_f1890-1957
_gБорис Михайлович
_3RU\NLR\AUTH\770229545
702 1 _aМейер
_bК. И.
_4080
801 0 _aRU
_bNLR
_gpsbo
801 1 _aRU
_bELAR
_2rusmarc
852 _aNLR
_j37-17/319(1)
942 _cBOOK
980 _aNB